Top 50 najpopularniejszych utworów Eminema (Youtube) - Statystyki

Ogólne statystyki
  • Ten quiz został rozwiązany 66 razy
    58 od ostatniego zresetowania
  • Średni wynik to 21 z 50
Statystyki odpowiedzi
Wykonawca Tytuł albumu Rok wydania Liczba wyświetleń Tytuł utworu % Poprawnych
Eminem The Eminem Show 2002 1,6mld Without Me
88%
Eminem, Dido The Marshall Mathers LP 2000 660mln Stan
87%
Eminem, Rihanna Recovery 2010 2,6mld Love The Way You Lie
83%
Eminem Encore 2004 834mln Mockingbird
83%
Eminem The Marshall Mathers LP 2000 838mln The Real Slim Shady
83%
Eminem, Juice WRLD Music To Be Murdered By 2020 104mln Godzilla
81%
Eminem The Marshall Mathers LP2 2013 1,3mld Rap God
81%
Eminem, Rihanna The Marshall Mathers LP2 2013 902mln The Monster
79%
Eminem Recovery 2010 1,7mld Not Afraid
73%
Eminem 8 Mile (Music From And Inspired By The Motion Picture) 2002 136mln Lose Yourself
71%
Eminem, Dina Rae The Eminem Show 2002 156mln Superman
63%
Eminem Kamikaze 2018 781mln Venom
60%
Eminem Curtain Call: The Hits 2005 967mln When I'm Gone
60%
Eminem The Slim Shady LP 1999 248mln My Name Is
58%
Eminem ------------------------------ 2018 458mln Killshot
54%
Eminem The Eminem Show 2002 493mln Sing For The Moment
50%
Eminem Relapse 2009 445mln Beautiful
44%
Eminem Encore 2004 290mln Just Lose It
44%
Eminem The Marshall Mathers LP2 2013 270mln Berzerk
40%
Eminem The Eminem Show 2002 380mln Cleanin' Out My Closet
40%
Eminem, Lil Wayne Recovery 2010 632mln No Love
40%
Eminem, Ed Sheeran Revival 2017 193mln River
40%
Eminem, Nate Dogg Curtain Call: The Hits 2005 174mln Shake That
38%
Eminem The Marshall Mathers LP 2000 184mln The Way I Am
38%
Eminem Kamikaze 2018 42mln Kamikaze
37%
Eminem, Joyner Lucas Kamikaze 2018 187mln Lucky You
37%
Eminem The Eminem Show 2002 57mln White America
37%
Eminem Encore 2004 447mln Like Toy Soldiers
35%
Eminem Recovery 2010 356mln Space Bound
35%
Eminem Relapse 2009 246mln We Made You
35%
Eminem Encore 2004 155mln Ass Like That
33%
Eminem The Slim Shady LP 1999 33mln Role Model
31%
Eminem Kamikaze 2018 220mln Fall
27%
Eminem, Dr. Dre The Slim Shady LP 1999 60mln Guilty Conscience
27%
Eminem Relapse 2009 63mln 3 a.m.
23%
Eminem, Sia SHADYXV 2014 251mln Guts Over Fear
21%
Eminem, Nate Ruess The Marshall Mathers LP2 2013 142mln Headlights
21%
Eminem, Beyonce Revival 2017 78mln Walk On Water
21%
Eminem, 50 Cent, Ca$his, Lloyd Banks Eminem Presents The Re-Up 2006 435mln You Don't Know
21%
Eminem, Gwen Stefani Southpaw (Music From And Inspired By The Motion Picture) 2015 64mln Kings Never Die
19%
Eminem, Jessie Reyez Kamikaze 2018 51mln Good Guy
17%
Eminem The Marshall Mathers LP2 2013 179mln Survival
17%
Eminem & Snoop Dogg Curtain Call 2 2022 82mln From The D 2 The LBC
15%
Eminem Revival 2017 29mln Framed
13%
Eminem Music To Be Murdered By - Side B (Deluxe Edition) 2020 31mln Higher
13%
Skylar Grey, Polo G, Mozzy, Eminem ------------------------------------ 2021 44mln Last One Standing
13%
Eminem Music To Be Murdered By 2020 62mln Darkness
12%
Eminem, Royce Da 5'9", Big Sean, Danny Brown, Dej Loaf, Trick Trick SHADYXV 2014 63mln Detroit Vs. Everybody
10%
Eminem, Jack Harlow, Cordae ------------------------------------ 2021 26mln Killer (Remix)
10%
Eminem Southpaw (Music From And Inspired By The Motion Picture) 2015 50mln Phenomenal
10%
Nie znaleziono quizów pasujących do podanych kryteriów
Rozkład punktacji
Procent ludzi z każdym wynikiem
Percentyl według liczby udzielonych odpowiedzi
Twoja historia wyników
Nie rozwiązałeś tego quizu od ostatniego zresetowania